Slnečný dník

Bibliographic Details
Main Author: Voronkova, Ljubov Fedorovna, 1906-1976 (Author)
Other Authors: Čepanová, Nadežda, 1925- (Translator), Knorring, Natalija Aleksejevna, narodená 1909 (Illustrator)
Format: Book
Language:Slovak
Russian
PhysicalDescription:125, [3] s. ilustrácie 25 cm
Published: Bratislava Smena 1952
Series:Knižnica národnej školy 1
Subjects:

MARC

LEADER 00000cam a2200000 a 4500
001 vtls008405384
003 SK-MaSNL
005 20260301060757.0
008 250312s1952 xo a a 000 j slo
015 |a SNBA19451955-013541 
035 |a SK01SNKBKSFS20010097601 
035 |a urn:nbn:sk:snk-am3i4th 
035 |a FF2F086F-D317-4870-BD1A-ADC8489537C5 
035 |a urn:nbn:sk:snk-am00dk3r 
035 |a SKM000100064 
040 |a SNK  |b slo  |c SNK  |e AACR2 
041 1 |a slo  |h rus 
044 |a xo  |c SK 
080 |a 882  |2 1981 
100 1 |a Voronkova, Ljubov Fedorovna,  |d 1906-1976  |4 aut  |9 134256 
240 1 0 |a Solnečnyj denek a Sneg iďot  |l Slovensky 
245 1 0 |a Slnečný dník  |c L[jubov Fedorovna] Voronkova ; z ruského originálu preložila N. Žiaková ; ilustroval Knorring 
260 |a Bratislava  |b Smena  |c 1952  |e Martin  |f Severoslov. tlač. 
300 |a 125, [3] s.  |b ilustrácie  |c 25 cm 
366 |e 8.500 výt. 
490 1 |a Knižnica národnej školy 1  |v sv. 7 
650 0 7 |a ruská literatúra  |2 SNKPH  |9 1204 
655 7 |a publikácie pre deti  |2 SNKPH  |9 70148 
700 1 |a Čepanová, Nadežda,  |d 1925-  |4 trl  |9 185957 
700 1 |a Knorring, Natalija Aleksejevna,  |d narodená 1909  |4 ill  |9 203703 
700 1 |a Horanská, E.  |4 red  |9 372616 
830 0 |a Knižnica národnej školy 1  |9 345319 
852 |a Slovenská národná knižnica 
958 |a RK 
958 |a TL 
958 |a LX 
958 |a DB 
958 |a UP 
958 |a RU 
958 |a OND 
999 |c 616261  |d 618191 
952 |a SNK  |b SNK  |y PREZ  |7 0  |p 17A0764137  |o snkSC 4485/7  |i snk1800/52  |0 0  |1 0  |4 0  |d 2018-12-10  |f 1  |l 0  |r 2025-06-25 00:00:00  |w 2026-02-23